Länder, die am meisten Bier produzieren - Statistiken

Allgemein
  • Dieses Quiz wurde 359 mal gespielt
  • Das Durchschnittsergebnis liegt bei 8 aus 10
Antwortstatistiken
Millionen Kiloliter Land % Korrekt
9.4365 Deutschland
100%
22.43 Vereinigte Staaten
95%
46.5438 China
90%
8.912 Russland
83%
3.956 Polen
72%
4.1956 Vereinigtes Königreich
72%
5.5321 Japan
69%
8.25 Mexiko
67%
13.46 Brasilien
66%
3.27 Spanien
64%
Keine übereinstimmenden Quizze gefunden
Verteilung der Resultate
Anzahl Personen mit jedem Resultat
Perzentil nach korrekt beantworteten Fragen
Ihre Resultats-Entwicklung
Sie haben dieses Quiz noch nicht gespielt